00230nam a2200073 4500100003800000245008100038260003000119300000700149 aSilva,Pathum Dilshan de Wathudura aMicrowave and open vessel digestion methods for biochar and activated carbon aRajagiriyabIchemc c2018 a30